000 00497nam a2200169 i 4500
001 130589
003 ES-MaACL
005 20230906193800.0
007 t|
008 070801s1922 sp ||||1| spa d
100 1 _aZardoya Morera, Jaime.
_9118073
245 1 0 _aCubiertas industriales de chapa canaleta uralita /
_cJaime Zardoya Morera.
260 _aBarcelona :
_bA. Artís,
_c1922.
300 _a158 p. ;
_c25 cm.
650 4 _aCubiertas (Construcción)
_911469
852 _aES-MaACL
_jB-4796
999 _c130589
_d130589